Chicago White Sox 2024 Opening Day Lineup - Statistics

General Stats
  • This quiz has been taken 35 times
  • The average score is 7 of 10
Answer Stats
Position Player % Correct
CF Luis Robert Jr.
96%
LF Andrew Benintendi
71%
1B Andrew Vaughn
71%
DH Eloy Jimenez
71%
SP Garrett Crochet
71%
3B Yoan Moncada
71%
2B Nicky Lopez
67%
C Martin Maldonado
63%
SS Paul DeJong
63%
RF Kevin Pillar
25%
No matching quizzes found
Score Distribution
Percent of People with Each Score
Percentile by Number Answered
Your Score History
You have not taken this quiz